000 00512nam a22001695i 4500
001 68418
003 ES-MaACL
005 20230906170300.0
007 t|
008 960805s1880 fr ||||1| spa d
040 _aCAM
_bspa
_cCAM
100 1 _aGarcía Ladevese, Ernesto.
_954806
245 1 0 _aFuera de la patria ... /
_cpor Ernesto García Ladevese.
260 _aParis :
_bBiblioteca Moderna,
_c1880 (
_eClichy :
_fimp. Pablo Dupont)
300 _a392 p. [i.e. 239] p. ;
_c19 cm.
852 _aES-MaACL
_jD-900
999 _c68418
_d68418